000
00329nam a22001457a 4500
008
221024b ||||| |||| 00| 0 eng d
020
_a
0941683265
041
_a
eng
080
_2
REVISED EDITION
_a
61
082
_a
61 SHAN
100
_a
4
101
_a
MJEK
245
_a
DIET FOR THE ATOMIC AGE
_c
SHANNON S
942
_2
udc
_c
BK
999
_c
58655
_d
58655